书目信息 |
| 题名: |
中国工业经济问题研究
|
|
| 作者: | 马洪 主编 | |
| 分册: | ||
| 出版信息: | 北京 中国社会科学出版社 1983.02 |
|
| 页数: | 292页 | |
| 开本: | 21cm | |
| 丛书名: | ||
| 单 册: | ||
| 中图分类: | F420 | |
| 科图分类: | ||
| 主题词: | 工业经济--中国 | |
| 电子资源: | ||
| ISBN: | ||
| 000 | 00577nam0 2200205 45 | |
| 001 | 0311251673 | |
| 005 | 20031219104121.8 | |
| 010 | @dCNY1.10 | |
| 091 | @a4190.159 | |
| 100 | @a20031125d1983 km y0chiy0120 ea | |
| 101 | 0 | @achi |
| 105 | @ak z 000yy | |
| 200 | 1 | @a中国工业经济问题研究@AZhong Guo Gong Ye Jing Ji Wen Ti Yan Jiu@f马洪主编@FMa Hong Zhu Bian |
| 210 | @a北京@c中国社会科学出版社@d1983.02 | |
| 215 | @a292页@c表格@d21cm | |
| 606 | 0 | @a工业经济@x中国 |
| 690 | @aF420@v3 | |
| 701 | 0 | @a马洪@4主编 |
| 801 | @aCN@bTSTC@c20031125 | |
| 905 | @f2@b94770-771@dF420@e23 | |
| 中国工业经济问题研究/马洪主编.-北京:中国社会科学出版社,1983.02 |
| 292页:表格;21cm |
| ISBN :CNY1.10 |
| ● |
| 相关链接 |
|
|
|
|
正题名:中国工业经济问题研究
索取号:F420/23
 
预约/预借
| 序号 | 登录号 | 条形码 | 馆藏地/架位号 | 状态 | 备注 |
| 1 | 0094767 | 000209250 | 第一样本阅览室/ [索取号:F420/23] | 在馆 | |
| 2 | 0094768 | 000209214 | 第一借阅区/ [索取号:F420/23] | 在馆 | |
| 3 | 0094769 | 000208821 | 密集书库/ [索取号:F420/23] | 在馆 | |
| 4 | 0094770 | 001598998 | 密集书库/ [索取号:F420/23] | 在馆 | |
| 5 | 0094771 | 001523033 | 密集书库/ [索取号:F420/23] | 在馆 |